Campaña de cursos de formación y descanso para trabajadores y matrimonios campesinos. (Record no. 39034)
[ view plain ]
| 000 -LEADER | |
|---|---|
| campo de control de longitud fija | 00991nam a2200217 i 4500 |
| 001 - NÚMERO DE CONTROL | |
| campo de control | 39034 |
| 003 - IDENTIFICADOR DE NÚMERO DE CONTROL | |
| campo de control | ES-MaACL |
| 005 - FECHA Y HORA DE LA ÚLTIMA TRANSACCIÓN | |
| campo de control | 20250828083412.0 |
| 007 - CAMPO FIJO DE DESCRIPCIÓN FÍSICA--INFORMACIÓN GENERAL | |
| campo de control de longitud fija | t| |
| 008 - DATOS DE LONGITUD FIJA--INFORMACIÓN GENERAL | |
| campo de control de longitud fija | 030227s1969 sp ||||1| spa d |
| 080 ## - NÚMERO DE LA CLASIFICACIÓN DECIMAL UNIVERSAL | |
| Número de la Clasificación Decimal Universal | 331:63(460) |
| 110 2# - ENTRADA PRINCIPAL--NOMBRE DE ENTIDAD CORPORATIVA | |
| Nombre de entidad corporativa o nombre de jurisdicción como elemento de entrada | Obra Sindical Educación y Descanso (España) |
| 9 (RLIN) | 6002 |
| 245 10 - MENCIÓN DEL TÍTULO | |
| Título | Campaña de cursos de formación y descanso para trabajadores y matrimonios campesinos. |
| 260 ## - PUBLICACIÓN, DISTRIBUCIÓN, ETC. | |
| Lugar de publicación, distribución, etc. | [Oviedo : |
| Nombre del editor, distribuidor, etc. | Instituto de Estudios Sindicales, Sociales y Cooperativos, Escuela Sindical, Cámara Oficial Sindical Agraria], |
| Fecha de publicación, distribución, etc. | 1969 ( |
| Lugar de fabricación/manufactura | Gijón : |
| Fabricante | Amez) |
| 300 ## - DESCRIPCIÓN FÍSICA | |
| Extensión | 70 h., 15 lám. col. y n. ; |
| Dimensiones | 22 cm. |
| 594 ## - Nota al título y mención de responsabilidad | |
| Nota al título y mención de responsabilidad | Precede al tít.: Organización Sindical de Asturias. Vicesecretaría Nacional de Ordenación Social. Hermandad Sindical Nacional de Labradores y Ganaderos. Obra Sindical Educación y Descanso. |
| 650 #4 - PUNTO DE ACCESO ADICIONAL DE MATERIA--TÉRMINO DE MATERIA | |
| Término de materia o nombre geográfico como elemento de entrada | Trabajadores agrícolas- |
| Subdivisión geográfica | España. |
| 9 (RLIN) | 17584 |
| 710 2# - ENTRADA AGREGADA--NOMBRE DE ENTIDAD CORPORATIVA | |
| Nombre de entidad corporativa o nombre de jurisdicción como elemento de entrada | Escuela Sindical (Oviedo) |
| 9 (RLIN) | 3591 |
| 852 ## - LOCALIZACIÓN | |
| Ubicación | ES-MaACL |
| Número de control de estantería | C-48375 |
| Estatus retirado | Estado de pérdida | Estado de daño | No para préstamo | Biblioteca de origen | Biblioteca actual | Ubicación en estantería | Fecha de adquisición | Fuente de adquisición | Total de préstamos | Signatura topográfica completa | Código de barras | Visto por última vez | Precio de reemplazo | Tipo de ítem Koha |
|---|---|---|---|---|---|---|---|---|---|---|---|---|---|---|
| Biblioteca del Ateneo de Madrid | Biblioteca del Ateneo de Madrid | Depósito 2 | 17/01/2008 | C-48375 | 1041105 | 23/02/2023 | 23/02/2023 | Libro impreso |
